000
00300nam a2200121Ia 4500
008
191201s2017 xx 000 0 und d
100
_a
TREHAN, Mukesh
245
0
_a
Micro Business Environment(BBA 3rd Sem)
260
_a
N. Delhi
_b
V.K Global
_c
2017
300
_a
191
650
_a
BBA
942
_2
ddc
_c
BK
999
_c
6733
_d
6733